000 01002cad a22002055a 4500
001 L156934
008 120731s2011 xxk 000 0 eng d
035 _a(Sirsi) u156934
041 0 _aeng
110 2 _aRoyal Institution of Chartered Surveyors
_bEconomics
_95033
245 0 0 _aRICS global distressed property monitor
_bQ3 2011
_h[electronic resource]
260 _aLondon
_bRICS
_c2011
490 0 _aRICS Global Distressed Property Monitor
_vQ3 2011
520 _aGreater levels of distress emerge. Supply of distressed assets rises globally. Countries in peripheral Europe, Italy and the UAE expect the supply of distressed properties coming to market to increase at the fastest pace. Demand for foreclosed property continues to rise, but in less countries than in Q2.
590 _aKA
651 4 _aInternational
690 _aCommercial property
_96227
856 4 0 _uhttps://www.rics.org/site/download_feed.aspx?fileID=10909&fileExtension=PDF
_zView the monitor at www.rics.org
942 _n0
999 _c114501
_d114501